Case in point (Record no. 107820)

MARC details
000 -LEADER
fixed length control field 01038cam a22002655a 4500
001 - CONTROL NUMBER
control field L142002
008 - FIXED-LENGTH DATA ELEMENTS--GENERAL INFORMATION
fixed length control field 080118s2007 xxk 000 0 eng d
020 ## - INTERNATIONAL STANDARD BOOK NUMBER
International Standard Book Number 9781842193464
035 ## - SYSTEM CONTROL NUMBER
System control number (Sirsi) u142002
041 0# - LANGUAGE CODE
Language code of text/sound track or separate title eng
050 04 - LIBRARY OF CONGRESS CALL NUMBER
Classification number 692.8 $2 18
100 1# - MAIN ENTRY--PERSONAL NAME
Personal name Constable, Adam
245 00 - TITLE STATEMENT
Title Case in point
Remainder of title construction claims
260 ## - PUBLICATION, DISTRIBUTION, ETC.
Place of publication, distribution, etc. London
Name of publisher, distributor, etc. RICS
Date of publication, distribution, etc. 2007
300 ## - PHYSICAL DESCRIPTION
Extent xiv, 207p.
Dimensions 21cm.
490 #0 - SERIES STATEMENT
Series statement RICS Case in Point Series
520 ## - SUMMARY, ETC.
Summary, etc. Practical casebook aimed at practitioners. Based on summaries of construction claims cases, with expert commentary. Covers payment claims, certification processes governing building contracts, variation claims, the effect of notification provisions, questions of delay and disruption, typical claims brought by employers regarding liquidated damages, termination and repudiatory breach.
521 2# - TARGET AUDIENCE NOTE
Target audience note Advanced
590 ## - LOCAL NOTE (RLIN)
Local note KA
651 #4 - SUBJECT ADDED ENTRY--GEOGRAPHIC NAME
Geographic name United Kingdom
Chronological subdivision
690 ## - LOCAL SUBJECT ADDED ENTRY--TOPICAL TERM (OCLC, RLIN)
Topical term or geographic name as entry element BUILT ENVIRONMENT-CONSTRUCTION MANAGEMENT
700 1# - ADDED ENTRY--PERSONAL NAME
Personal name Lamont, Calum
942 ## - ADDED ENTRY ELEMENTS (KOHA)
Suppress in OPAC 0
Holdings
Withdrawn status Lost status Source of classification or shelving scheme Damaged status Not for loan Home library Current library Shelving location Date acquired Total Checkouts Full call number Barcode Date last seen Copy number Price effective from Koha item type Date last checked out
    Dewey Decimal Classification     London London RICS Boxes 15/02/2008   2007/66 30072549 06/08/2019 1 06/08/2019 Archive  
    Dewey Decimal Classification     London London Books 11/09/2008   692.8 CON 30072553 06/08/2019 1 06/08/2019 Reference material  
    Dewey Decimal Classification     London London Books 11/09/2008 8 692.8 CON 30072557 06/08/2019 3 06/08/2019 Book 24/06/2010